Traumatología / (Record no. 30591)

MARC details
000 -LEADER
campo de control de longitud fija 00579nam a2200193 i 4500
001 - NÚMERO DE CONTROL
campo de control 30591
003 - IDENTIFICADOR DE NÚMERO DE CONTROL
campo de control ES-MaACL
005 - FECHA Y HORA DE LA ÚLTIMA TRANSACCIÓN
campo de control 20230909063111.0
007 - CAMPO FIJO DE DESCRIPCIÓN FÍSICA--INFORMACIÓN GENERAL
campo de control de longitud fija t|
008 - DATOS DE LONGITUD FIJA--INFORMACIÓN GENERAL
campo de control de longitud fija 030127s1945 sp ||||1| spa d
080 ## - NÚMERO DE LA CLASIFICACIÓN DECIMAL UNIVERSAL
Número de la Clasificación Decimal Universal 616-001
100 1# - ENTRADA PRINCIPAL--NOMBRE DE PERSONA
Nombre de persona Bastos Ansart, Manuel,
Fechas asociadas al nombre 1887-1973
9 (RLIN) 26381
245 10 - MENCIÓN DEL TÍTULO
Título Traumatología /
Mención de responsabilidad, etc. por Manuel Bastos Ansart.
260 ## - PUBLICACIÓN, DISTRIBUCIÓN, ETC.
Lugar de publicación, distribución, etc. Barcelona :
Nombre del editor, distribuidor, etc. Labor,
Fecha de publicación, distribución, etc. 1945 (
Fabricante Tall. Gráf. Iberoamericanos)
300 ## - DESCRIPCIÓN FÍSICA
Extensión XIX, 823 p. :
Otras características físicas il. col. y n. ;
Dimensiones 26 cm.
650 #4 - PUNTO DE ACCESO ADICIONAL DE MATERIA--TÉRMINO DE MATERIA
Término de materia o nombre geográfico como elemento de entrada Traumatología.
9 (RLIN) 159553
852 4# - LOCALIZACIÓN
Ubicación ES-MaACL
Número de control de estantería E-17
Holdings
Estatus retirado Estado de pérdida Estado de daño No para préstamo Biblioteca de origen Biblioteca actual Ubicación en estantería Fecha de adquisición Fuente de adquisición Total de préstamos Signatura topográfica completa Código de barras Visto por última vez Precio de reemplazo Tipo de ítem Koha
        Biblioteca del Ateneo de Madrid Biblioteca del Ateneo de Madrid Depósito 2 17/01/2008     E-17 1031589 23/02/2023 23/02/2023 Libro impreso